书目信息 |
| 题名: |
改造我们的大学
|
|
| 作者: | 王家忠 著 | |
| 分册: | ||
| 出版信息: | 北京 光明日报出版社 2019 |
|
| 页数: | 196页 | |
| 开本: | 25cm | |
| 丛书名: | 光明社科文库 | |
| 单 册: | ||
| 中图分类: | G649.21 | |
| 科图分类: | ||
| 主题词: | 地方学校--Di Fang Xue Xiao--教育改革--研究--中国 | |
| 电子资源: | ||
| ISBN: | 978-7-5194-4660-4 | |
| 000 | 01217nam 2200301 450 | |
| 001 | 012001003446 | |
| 005 | 20130126092533.0 | |
| 010 | @a978-7-5194-4660-4@dCNY68.00 | |
| 099 | @aCAL 012019032272 | |
| 100 | @a20190324d2019 em y0chiy50 ea | |
| 101 | 0 | @achi |
| 102 | @aCN@b110000 | |
| 105 | @ay a 000yy | |
| 106 | @ar | |
| 200 | 1 | @a改造我们的大学@AGai Zao Wo Men De Da Xue@e地方本科高校综合改革探论@f王家忠著 |
| 210 | @a北京@c光明日报出版社@d2019 | |
| 215 | @a196页@d25cm | |
| 225 | 2 | @a光明社科文库@AGuang Ming She Ke Wen Ku |
| 320 | @a有书目 (第191-195页) | |
| 330 | @a本书为学术论著。作者从大学教育改革的角度出发,深刻阐述了改造我们的大学,深入推进地方本科高校综合改革,需要全社会形成合力,深化改革,转型提升,注重内涵,提高质量,促进公平,增强活力,完善社会主义现代大学制度,推进大学治理体系和治理能力现代化,努力办好人民满意的大学。 | |
| 333 | @a高等教育研究者 | |
| 410 | 0 | @12001 @a光明社科文库 |
| 517 | 1 | @a地方本科高校综合改革探论@ADi Fang Ben Ke Gao Xiao Zong He Gai Ge Tan Lun |
| 606 | 0 | @a地方学校@ADi Fang Xue Xiao@x教育改革@x研究@y中国 |
| 690 | @aG649.21@v5 | |
| 701 | 0 | @a王家忠@AWang Jiazhong@4著 |
| 801 | 0 | @aCN@b江苏凤凰@c20191020 |
| 905 | @b1217992-5@dG649.21@e1244@f4 | |
| 改造我们的大学:地方本科高校综合改革探论/王家忠著.-北京:光明日报出版社,2019 |
| 196页;25cm.-(光明社科文库) |
| 使用对象:高等教育研究者 |
| ISBN 978-7-5194-4660-4:CNY68.00 |
| 本书为学术论著。作者从大学教育改革的角度出发,深刻阐述了改造我们的大学,深入推进地方本科高校综合改革,需要全社会形成合力,深化改革,转型提升,注重内涵,提高质量,促进公平,增强活力,完善社会主义现代大学制度,推进大学治理体系和治理能力现代化,努力办好人民满意的大学。 |
| ● |
| 相关链接 |
|
|
|
|
正题名:改造我们的大学
索取号:G649.21/1244
 
预约/预借
| 序号 | 登录号 | 条形码 | 馆藏地/架位号 | 状态 | 备注 |
| 1 | 1217992 | 212179925 | 第一样本阅览室/ [索取号:G649.21/1244] | 在馆 | |
| 2 | 1217993 | 212179934 | 教育系资料室/ [索取号:G649.21/1244] | 在馆 | |
| 3 | 1217994 | 212179943 | 教育系资料室/ [索取号:G649.21/1244] | 在馆 | |
| 4 | 1217995 | 212179952 | 第四借阅区/ [索取号:G649.21/1244] | 在馆 |